21 Savage - Top 25 najczęściej odtwarzanych piosenek - Statystyki

Ogólne statystyki
  • Ten quiz został rozwiązany 20 razy
    4 od ostatniego zresetowania
  • Średni wynik to 21 z 25
Statystyki odpowiedzi
Hint Odpowiedź % Poprawnych
i am > i was a lot
100%
Issa Album Bank Account
100%
i am > i was can't leave without it
100%
Without Warning Ghostface Killers
100%
SAVAGE MODE II Glock In My Lap
100%
SAVAGE MODE II Mr. Right Now
100%
american dream née-nah
100%
Savage Mode No Heart
100%
Her Loss On BS
100%
american dream prove it
100%
Without Warning Rap Saved Me
100%
american dream redrum
100%
Her Loss Rich Flex
100%
SAVAGE MODE II Rich Nigga Shit
100%
SAVAGE MODE II Runnin
100%
Her Loss Spin Bout U
100%
Savage Mode X
100%
i am > i was ball w/o you
67%
Her Loss Circo Loco
67%
Her Loss Major Distribution
67%
Without Warning My Choppa Hate Niggas
67%
Her Loss Pussy & Millions
67%
Her Loss Hours In Silence
33%
Singiel Immortal
33%
Her Loss Privileged Rappers
33%
Nie znaleziono quizów pasujących do podanych kryteriów
Rozkład punktacji
Procent ludzi z każdym wynikiem
Percentyl według liczby udzielonych odpowiedzi
Twoja historia wyników
Nie rozwiązałeś tego quizu od ostatniego zresetowania